00646 a2200145 4500003000500000005001700005040000900022082001500031100001700046245003500063260002900098300000900127505035300136650001100489Nust20230315113025.0 cNust a479.15,DEL aDelic, Rasim aBosnia is Here /cRasim Delic aBosniabArmy Pressc1995 a96:p aWe are much Strong Together (Page-5), United to the Freedom (Page-13), The War has Reached Its Climax (Page-19), Turns of Events at Bosnian (Page-25), To Ensure Resource for National Defenses (Page-33), Army of the Public of Bosnia (Page-45), World Recognizes Force only (Page-49), Bosnia is Here (Page-59), Army is Fighting for History (Page-87). aBosnia